书目信息 |
| 题名: |
FrontPage 2000 命令与实例
|
|
| 作者: | 张大为 , 马天 主编 | |
| 分册: | ||
| 出版信息: | 北京 清华大学出版社 1999.09 |
|
| 页数: | 335页 | |
| 开本: | 16开 | |
| 丛书名: | ||
| 单 册: | ||
| 中图分类: | TP317.1 | |
| 科图分类: | ||
| 主题词: | 软件 | |
| 电子资源: | ||
| ISBN: | 7-302-03687-X | |
| 000 | 00607nam0 2200205 45 | |
| 001 | 0006261685 | |
| 005 | 20000626165642.9 | |
| 010 | @a7-302-03687-X@d28.50元 | |
| 100 | @a20000626d1999 km y0chiy0120 ea | |
| 101 | 0 | @achi |
| 105 | @a z 000yy | |
| 200 | 1 | @aFrontPage 2000 命令与实例@AFrontPage 2000 Ming Ling Yu Shi Li@f张大为,马天主编@FZhang Da Wei,Ma Tian Zhu Bian |
| 210 | @a北京@c清华大学出版社@d1999.09 | |
| 215 | @a335页@d16开 | |
| 606 | 0 | @a软件 |
| 690 | @aTP317.1@v3 | |
| 701 | 0 | @a张大为@4主编 |
| 701 | 0 | @a马天@4主编 |
| 801 | @aCN@bPftUser@c20000626 | |
| 905 | @b60234-238@dTP317.1@eZH858@f5 | |
| FrontPage 2000 命令与实例/张大为,马天主编.-北京:清华大学出版社,1999.09 |
| 335页;16开 |
| ISBN 7-302-03687-X:28.50元 |
| ● |
| 相关链接 |
|
|
|
正题名:FrontPage 2000命令与实例
索取号:TP317.1/ZH858
 
预约/预借
| 序号 | 登录号 | 条形码 | 馆藏地/架位号 | 状态 | 备注 |
| 1 | 60234 | 200602348 | 自科库301/ [索取号:TP317.1/ZH858] | 在馆 | |
| 2 | 60235 | 200602357 | 自科二线404/404自科库 23排2列5层/ [索取号:TP317.1/ZH858] | 在馆 | |
| 3 | 60236 | 200602366 | 自科二线404/404自科库 24排3列1层/ [索取号:TP317.1/ZH858] | 在馆 | |
| 4 | 60237 | 200602375 | 自科二线404/404自科库 23排2列5层/ [索取号:TP317.1/ZH858] | 在馆 | |
| 5 | 60238 | 200602384 | 期刊室512/301自科库 53排3列4层/ [索取号:TP317.1/ZH858] | 在馆 |